000 00853nam a2200217Ii 4500
003 JO-AjNU
008 230605s9999||||xx |||||||||||||| ||und||
020 _a978-9957-07-564-0
040 _aJO-AjNU
_bara
_erda
_cJO-AjNU
041 _aara
050 1 4 _aLB1115.H3846 2008
100 3 _aتأليف حواشين، مفيد نجيب، م. مشارك زيدان نجيب حواشين,
_eauthor
_959882
245 0 0 _aاتجاهات حديثة في تربية الطفل
250 _aالطبعة الرابعة
264 3 1 _aعمان: دار الفكر ناشرون وموزعون، 2008
300 _a158ص
_b ويحتوي على قائمة مراجع من ص157-ص158
336 _atext
_btxt
_2rdacontent
337 _aunmediated
_bn
_2rdamedia
338 _avolume
_bnc
_2rdacarrier
650 4 _aتربية الطفل-تعلم وتعليم
_959883
999 _aA26970
_c30538
_d30538